Historia 1 : (Record no. 208510)

MARC details
000 -CABECERA
campo de control de longitud fija 00908nam a2200277 a 4500
003 - IDENTIFICADOR DEL NÚMERO DE CONTROL
campo de control MX-MxUPN
005 - FECHA Y HORA DE LA ÚLTIMA TRANSACCIÓN
campo de control 20220617130209.0
008 - ELEMENTOS DE LONGITUD FIJA--INFORMACIÓN GENERAL
campo de control de longitud fija 220601t1994 mx a||||rb||| 000 0 spa d
020 ## - NÚMERO INTERNACIONAL NORMALIZADO PARA LIBROS
Número Internacional Estándar del Libro 9706073973
040 ## - FUENTE DE LA CATALOGACIÓN
Centro catalogador/agencia de origen MX-MxUPN
Lengua de catalogación spa
Centro/agencia transcriptor MX-MxUPN
041 0# - CÓDIGO DE IDIOMA
Código de lengua del texto/banda sonora o título independiente spa
050 14 - SIGNATURA TOPOGRÁFICA DE LA BIBLIOTECA DEL CONGRESO
Número de clasificación LB1641 M61
Número de documento/Ítem D47
100 1# - ASIENTO PRINCIPAL--NOMBRE PERSONAL
Nombre de persona González Villafuerte, Amílcar Luis
9 (RLIN) 44640
100 1# - ASIENTO PRINCIPAL--NOMBRE PERSONAL
Nombre de persona Muñoz Serrano, Ana María
9 (RLIN) 44641
100 1# - ASIENTO PRINCIPAL--NOMBRE PERSONAL
Nombre de persona Rossier Manrique, Margarita
9 (RLIN) 44642
100 1# - ASIENTO PRINCIPAL--NOMBRE PERSONAL
Nombre de persona Ruiz López, Isabel
9 (RLIN) 44643
100 1# - ASIENTO PRINCIPAL--NOMBRE PERSONAL
Nombre de persona Tapia Ortega, Enrique
9 (RLIN) 44644
245 10 - MENCIÓN DE TÍTULO
Título Historia 1 :
Resto del título descubriendo el pasado
250 ## - MENCIÓN DE EDICIÓN
Mención de edición Primera edición.
260 ## - PUBLICACIÓN, DISTRIBUCIÓN, ETC.
Lugar de publicación, distribución, etc. México, D.F. :
Nombre del editor, distribuidor, etc. Larousse,
Fecha de publicación, distribución, etc. ©1994.
300 ## - DESCRIPCIÓN FÍSICA
Extensión 247 páginas :
Otras características físicas ilustraciones.
504 ## - NOTA DE BIBLIOGRAFÍA, ETC.
Nota de bibliografía, etc. Incluye referencias bibliográficas.
650 #4 - ASIENTO SECUNDARIO DE MATERIA - TERMINO TEMATICO
Término de materia o nombre geográfico como elemento de entrada Historia
Subdivisión general Estudio y enseñanza (Secundaria)
9 (RLIN) 5248
650 #4 - ASIENTO SECUNDARIO DE MATERIA - TERMINO TEMATICO
Término de materia o nombre geográfico como elemento de entrada Historia
Subdivisión de forma Libros de texto
9 (RLIN) 6383
942 ## - ELEMENTOS DE PUNTO DE ACCESO ADICIONAL (KOHA)
Fuente del sistema de clasificación o colocación Library of Congress Classification
Tipo de ítem Koha Libro
Holdings
Estado de retiro Estado de pérdida Fuente del sistema de clasificación o colocación Estado dañado No para préstamo Código de colección Localización permanente Ubicación/localización actual Ubicación en estantería Fecha de adquisición Clasificación Código de barras Fecha visto por última vez Precio válido a partir de Tipo de ítem Koha Número de copia
    Library of Congress Classification   Disponible (Préstamo en sala) Libros de texto Bib. Gregorio Torres Quintero Bib. Gregorio Torres Quintero Colecciones especiales Planta alta 01/06/2022 LB1641 M61 D47 128294 01/06/2022 01/06/2022 Libro  
    Library of Congress Classification   Disponible (Préstamo en sala) Libros de texto Bib. Gregorio Torres Quintero Bib. Gregorio Torres Quintero Colecciones especiales Planta alta 01/06/2022 LB1641 M61 D47 128295 01/06/2022 01/06/2022 Libro Ej. 2